000 00495nam a22001457a 4500
999 _c513842
_d513842
008 200907b ||||| |||| 00| 0 eng d
100 _aGokarn, Nitin Ramesh
_917632
245 _aAffordable housing initiatives in Uttar Pradesh: the challenge and opportunities
260 _aThe Administrator
300 _a60(1), Jan 2020. p. 1-23
650 _aCity Planning, Slums - India - Uttar Pradesh
_917592
773 _aThe Administrator
906 _aHOUSING - INDIA - UTTAR PRADESH
942 _cAR